Amnistía Internacional: informe 1993

Đã lưu trong:
Chi tiết về thư mục
Định dạng: Sách
Ngôn ngữ:Tiếng Tây Ban Nha
Được phát hành: Londres Amnistía Internacional 1993
Những chủ đề:
Các nhãn: Thêm thẻ
Không có thẻ, Là người đầu tiên thẻ bản ghi này!

MARC

LEADER 00000nam a2200000 a 4500
001 UCY1380
003 CL-VaPUC
008 940831e19930000UK |||||||||||||||||spa|d
082 0 4 |a 341.481  |b AMN  |2 21 
245 1 0 |a Amnistía Internacional: informe 1993 
300 |a 363 p 
942 |c BK 
945 |d 19940831 00:00:00  |a aalvarez 
260 |a Londres  |b Amnistía Internacional  |c 1993 
600 0 7 |a AMNISTIA INTERNACIONAL  |2 CL-VaPUC  |9 329336 
650 0 |a Derechos humanos  |9 223025 
650 0 |a Derechos civiles  |9 255655 
583 |a last modification  |c 19940831 00:00:00  |k Rodrigo Vera 
999 |c 230102  |d 230100 
952 |0 0  |1 0  |4 0  |6 341_481000000000000_AMN_1993  |7 0  |8 A  |9 232103  |a BIBDER  |b BIBDER  |d 2019-11-15  |i 3004333  |o 341.481 AMN 1993  |p 3004333  |r 2023-01-25  |w 2019-11-15  |y BK  |k DER